Analyse du dispositif de mobilisation et de sécurisation de l'Epargne à la caisse nationale dépargne CNE (Record no. 9730)

MARC details
000 -LEADER
fixed length control field 00603 a2200241 4500
040 ## - SOURCE DU CATALOGAGE
Original cataloging agency ENEAM
100 ## - VEDETTE PRINCIPALE - NOM DE PERSONNE
Personal name AHOTONDJI, Hortence
130 ## - VEDETTE PRINCIPALE - TITRE UNIFORME
Language of a work Fr
260 ## - PUBLICATION, DISTRIBUTION, ETC. (IMPRINT)
Place of publication, distribution, etc Cotonou
260 ## - PUBLICATION, DISTRIBUTION, ETC. (IMPRINT)
Name of publisher, distributor, etc ENEAM
245 ## - TITLE STATEMENT
Title Analyse du dispositif de mobilisation et de sécurisation de l'Epargne à la caisse nationale dépargne CNE
260 ## - PUBLICATION, DISTRIBUTION, ETC. (IMPRINT)
Date of publication, distribution, etc 2007
300 ## - PHYSICAL DESCRIPTION
Other physical details 38 p
500 ## - GENERAL NOTE
General note 1 ex
650 ## - SUBJECT ADDED ENTRY--TOPICAL TERM
Topical term or geographic name as entry element COMPTABILITE GESTION
650 ## - SUBJECT ADDED ENTRY--TOPICAL TERM
Topical term or geographic name as entry element EPARGNE
650 ## - SUBJECT ADDED ENTRY--TOPICAL TERM
Topical term or geographic name as entry element DISPOSITIF DE MOBILISATION
650 ## - SUBJECT ADDED ENTRY--TOPICAL TERM
Topical term or geographic name as entry element DISPOSITIF DE SECURISATION
650 ## - SUBJECT ADDED ENTRY--TOPICAL TERM
Topical term or geographic name as entry element CNE
700 ## - ADDED ENTRY--PERSONAL NAME
Personal name AHOUANDJINOU, Iris
Holdings
Withdrawn status Lost status Damaged status Not for loan Location (home branch) Sublocation or collection (holding branch) Date acquired Koha issues (times borrowed) Koha full call number Koha date last seen Price effective from Koha item type
        Bibliothèque de l'Ecole Nationale d'Economie Appliquée et de Management Bibliothèque de l'Ecole Nationale d'Economie Appliquée et de Management 27/02/2009   2007/COG/032 27/02/2009 27/02/2009 Livre


© 2008, Bibliothèques de l'Université d'Abomey-Calavi

04 BP 789 Cotonou, Tél. : +229 21 36 01 01, Fax : +229 21 35 06 32

Courriel : bu@bu.uac.bj